000 01989nam a2200601 c 4500
001 a6795365
003 PE-LiUPU
005 20250731170501.0
008 210203s2020 sp a | |||| 001 0 spa
020 _a9788441543362
040 _aSpMaBN
_bspa
_cPE-LiUPU
_erda
_dPE-LiUPU
041 1 _aspa
_heng
080 _a7.05:159.9
082 _223
_a158.9
_bW424d
100 1 _aWeinschenk, Susan
_d1953-
_eautor
_4aut
240 1 0 _a100 things every designer needs to know about people
_lEspañol
245 1 0 _aDiseño inteligente :
_blas 100 cosas que todo diseñador necesita sobre las personas /
_cSusan M. Weinschenk, Ph. D.; traducción, Clauda Valdés-Miranda Cros
250 _aEdición actualizada
264 1 _aMadrid
_bEdiciones Anaya Multimedia (Grupo Anaya),
_c[2020]
264 4 _c©2020
300 _a240 páginas ;
_bilustraciones (color);
_c24 centímetros.
336 _aTexto
_2rdacontent
337 _asin mediación
_2rdamedia
338 _avolumen
_2rdacarrier
490 0 _aEspacio de diseño
504 _aBibliografía: páginas 228-233. Índice
505 _aCómo vemos -- Cómo leemos -- Cómo recordamos -- Cómo pensamos -- Cómo nos concentramos -- Qué nos motiva -- Somos animales sociales -- Cómo sentimos -- Cometemos errores -- Cómo tomamos decisiones.
526 _aSEG68
526 _aSEG70
526 _aSEG69
526 _aSEG67
526 _aSEG43
526 _aP144
526 _aP143
526 _aP131
526 _aP122
526 _aP120
526 _aP117
526 _aP112
526 _aP110
526 _aP106
526 _aP101
526 _aP80
526 _aP59
526 _aP54
526 _aP35
526 _aP33
526 _aP30
650 7 _aDiseño
_xAspectos psicológicos
_2embne
700 1 _aValdés-Miranda Cros, Claudia
_etraductor
_4trl
942 _2ddc
_cBK
_n0
980 _618226
_aJaime Vilcazán Jefe de Análisis Documental
_81
_gALBERTO SANCHEZ Responsable de Automatización
999 _c61726
_d61726